000 00767nam a2200229 4500
001 121000
003 ES-MaACL
005 20250801090230.0
007 t|
008 070214s1978 sp r ||||1| spa d
020 _a84-265-7224-3
080 _a860-32"19"
100 1 _aPonce, Fernando.
_992938
245 1 0 _aOratorio /
_cFernando Ponce ; prólogo de Eugenio Montes.
260 _aMadrid :
_bMagisterio Español,
_c1978.
300 _a142 p., 1 lám. ;
_c18 cm.
490 1 _aNovelas y cuentos ;
_v223. Literatura española. Narraciones siglo XX
700 1 _aMontes, Eugenio,
_d1897-1982
_9227206
830 1 0 _aNovelas y cuentos
_v223. Literatura española. Narraciones siglo XX
_9179596
852 _aES-MaACL
_jA-9344
999 _c121000
_d121000